000 00298 a2200133 4500
001 155637
040 _cEscola São Tomás de Aquino
100 _aTOURLONIAS, Joelle
240 1 0 _aAlô, mamãe!
_lpor
245 1 0 _aAlô, mamãe!
440 1 _aFTD
697 _a*LITERATURA INFANTIL
942 _cBK
999 _c155637
_d155637